Aplikácia oblúkového zvárania pri výrobe koľajovej dráhy

Salvato in:
Dettagli Bibliografici
Autore principale: Straka, Jozef, 1974- (Autore)
Altri autori: Pavlovič, Ladislav, 1951- (Relatore della tesi)
Natura: Manoscritto Libro
Lingua:slovacco
Pubblicazione: Trnava : STU v Bratislave MTF UVTE, 2012
Soggetti:
Accesso online:VAIS
Tags: Aggiungi Tag
Nessun Tag, puoi essere il primo ad aggiungerne!!

MARC

LEADER 00000ntm a22000003a 4500
001 stu250958
005 20150617230203.5
008 120719s2012----xo------------------slo-d
040 |a STU  |b slo 
041 0 |a slo 
044 |a xo 
100 1 |a Straka, Jozef,  |d 1974-  |4 aut  |u M  |T MTF Materiálovotechnologická fakulta  |X 38152  |U M  |Y 60  |7 A000038152 
242 0 0 |a Welding process of tracks   |y eng 
245 1 |a Aplikácia oblúkového zvárania pri výrobe koľajovej dráhy 
260 |a Trnava :  |b STU v Bratislave MTF UVTE,  |c 2012 
300 |a 52s  |c CD ROM 
650 7 |a výrobné technológie  |2 stusub 
650 7 |a Production Technologies  |2 estusub 
650 7 |a welding  |2 estusub 
650 7 |a oblúkové zváranie  |2 stusub 
700 1 |a Pavlovič, Ladislav,  |d 1951-  |4 ths  |u M3000  |U MTF Materiálovotechnologická fakulta  |T MTF Ústav výrobných technológií  |X 2879  |U M3000  |Y 83  |7 A000002879 
856 4 |a info a plný text  |u http://is.stuba.sk/zp/portal_zp.pl?podrobnosti=57958  |3 VAIS 
996 |c M*BP-5998  |l MMSKP  |s P  |a 0  |w stu250958_0001